| Registos Bibliográficos associados ao registo de autoridade |
|
Etiqueta de registo: 00000nkm 2200025 450 001 2271996 003 http://id.bnportugal.gov.pt/bib/catbnp/2271996 100 ## $a20260225d1992 m y0pory01030103ba 101 0# $apor 102 ## $aPT 200 1# $aIII Bienal de Gravura 92, Fábrica da Cultura [ex cometna], Amadora, 5 de setembro
- 5 de outubro - 1992$bVisual gráfico]$fCâmara Municipal da Amadora$gdesign: Palhoça - 92 210 #9 $aAmadora$cCâmara Municipal da Amadora,$d1992$eAmadora:$gComposição e Impressão: Repromont, Lda.) 215 ## $a1 cartaz$ccolor.$d69x48 cm 317 ## $aColeção Madeira Luís 702 #1 $aPalhoça$4410$31987503 710 12 $aBienal de Gravura,$d3,$eAmadora,$f1992$31101601 712 01 $aAmadora.$bCâmara Municipal$3724 801 #0 $aPT$bBN$gRPC 966 ## $lBN$mICONOG$sCT. 22452 A.$x3 971 ## $cCaticonografia9$d20260225 995 ## $aPRR2026 $d20260225$iCaticonografia9
|
|
|